| 000 | 00938nam a2200265 a 4500 | ||
|---|---|---|---|
| 001 | 57404 | ||
| 003 | BD-RjUL | ||
| 005 | 20211209080515.0 | ||
| 008 | 161208s1968 caua b 000 0 eng d | ||
| 035 | _a(BD-RjUL)57528 | ||
| 040 |
_aDLC _cDLC _dEQO _beng |
||
| 041 | _aeng | ||
| 082 |
_a658.403 _223 _bCOM 1968 |
||
| 100 | 1 |
_aClark, Terry Nichols, _d1940- _9170479 |
|
| 245 | 1 | 0 |
_aCommunity structure and decision-making : _bcomparative analyses. / _cEdited by Terry N. Clark |
| 260 |
_aSan Francisco : _bChandler Pub. Co.; [distributed by Science Research Associates, _c1968 |
||
| 300 |
_axi, 498 p. : _billus. ; _c24 cm |
||
| 490 | _aChandler publications in anthropology and sociology | ||
| 504 | _aIncludes bibliographical references | ||
| 650 | 0 |
_aDecision making _9170351 |
|
| 650 | 0 |
_aCommunity power _9170419 |
|
| 830 | 0 |
_aChandler publications in anthropology and sociology _9170480 |
|
| 942 |
_2ddc _cBK |
||
| 999 |
_c57404 _d57404 |
||